| 000 | 02785cam a2200397 4500500 | ||
|---|---|---|---|
| 005 | 20260301001541.0 | ||
| 041 | _afre | ||
| 042 | _adc | ||
| 100 | 1 | 0 |
_aLollo, Paolo _eauthor |
| 245 | 0 | 0 | _aInconscient, transmission du savoir et des droits de l'homme. Quel rôle pour l'unesco ? |
| 260 | _c2010. | ||
| 500 | _a71 | ||
| 520 | _aRésuméÀ partir de la question politique de l’enseignement des droits de l’homme dans le monde et de leur diffusion, l’auteur s’interroge sur le renouvellement des formes de la transmission de tout savoir.La psychanalyse avec sa découverte de l’inconscient et avec l’invention d’un discours qui utilise les intuitions de la linguistique pour aborder le réel, produit de nouveaux instruments théoriques capables de renouveler radicalement les pratiques de la transmission des connaissances et préannonce les futures méthodes d’éducation, de formation et d’enseignement. | ||
| 520 | _aFrom the political issue of Human Rights teaching and dissemination all through the world, the author considers the renewal of the forms used for transmitting any kind of knowledge.Psychoanalysis, through discovering the unconscious and inventing a position that uses intuitions of linguistics to tackle the reality, produces new theoretical instruments which can completely renew practices of knowledge transmission and herald future methods of education, training and teaching. | ||
| 520 | _aResumenA partir de la cuestión política que plantea la enseñanza y la difusión de los Derechos del Hombre en el mundo, el autor examina la renovación de las formas de transmisión de cualquier saber.Con su descubrimiento del inconsciente y con la invención de un discurso que utiliza las intuiciones de la lingüística para tratar lo real, la psicoanálisis produce nuevos instrumentos teóricos que pueden renovar radicalmente las prácticas de transmisión de los conocimientos, y anuncia los métodos futuros para la educación, la formación y la enseñanza. | ||
| 690 | _aénigme du savoir | ||
| 690 | _adroits de l’homme | ||
| 690 | _aHéraclite l’obscure | ||
| 690 | _ainconscient | ||
| 690 | _apsychanalyse | ||
| 690 | _asavoir caché | ||
| 690 | _asavoir et création | ||
| 690 | _atransmission du savoir | ||
| 690 | _aŒdipean myth | ||
| 690 | _aDelphi oracle | ||
| 690 | _aHeraclitus the obscure | ||
| 690 | _ahidden knowledge | ||
| 690 | _ahuman rights | ||
| 690 | _aknowledge and creation | ||
| 690 | _aknowledge enigma | ||
| 690 | _aknowledge transmission | ||
| 690 | _apsychoanalysis | ||
| 690 | _aunconscious | ||
| 786 | 0 | _nInsistance | 4 | 1 | 2010-11-29 | p. 15-26 | 1778-7807 | |
| 856 | 4 | 1 | _uhttps://shs.cairn.info/revue-insistance-2010-1-page-15?lang=fr&redirect-ssocas=7080 |
| 999 |
_c1673665 _d1673665 |
||